Countries by Tower - Statistics

General Stats
  • This quiz has been taken 658 times
  • The average score is 9 of 20
Answer Stats
Hint Answer % Correct
Eiffel Tower France
99%
Big Ben United Kingdom
95%
Leaning Tower of Pisa Italy
94%
CN Tower Canada
84%
Space Needle United States
82%
Almaty Tower Kazakhstan
58%
The Three Pagodas China
53%
KL Tower Malaysia
53%
Skytree Japan
45%
Europaturm Germany
42%
Belém Tower Portugal
40%
Galata Tower Turkey
31%
Ostankino Tower Russia
29%
Obelisk of Axum Ethiopia
20%
Qutb Minar India
18%
Milad Tower Iran
16%
Minaret of Jam Afghanistan
12%
Svanetian Towers Georgia
10%
Malwiya Tower Iraq
7%
Liberation Tower Kuwait
7%
No matching quizzes found
Score Distribution
Percent of People with Each Score
Percentile by Number Answered
Your Score History
You have not taken this quiz